Lvz, y norte mvsical para caminar por las cifras de la guitarra española, y arpa, tañer, y cantar a compás por canto de organo y breve explicacion del arte, con preceptos faciles, indubitables, y explicados con claras reglas por teorica, y practica (Record no. 8239)
[ view plain ]
| 000 -CABECERA | |
|---|---|
| campo de control de longitud fija | 01717nam a2200349 a 4500 |
| 001 - NÚMERO DE CONTROL | |
| campo de control | BRCA_8576 |
| 005 - FECHA Y HORA DE LA ÚLTIMA TRANSACCIÓN | |
| campo de control | 20190320210333.0 |
| 008 - DATOS DE LONGITUD FIJA--INFORMACIÓN GENERAL | |
| campo de control de longitud fija | 190816s1677----sp-#######---#000-0#spa-# |
| 041 ## - CÓDIGO DE LENGUA | |
| Código de lengua del texto/banda sonora o título independiente | spa |
| 044 ## - CÓDIGO DEL PAÍS DE LA ENTIDAD EDITORA/PRODUCTORA | |
| Código MARC del país | sp |
| 050 #4 - SIGNATURA TOPOGRÁFICA DE LA BIBLIOTECA DEL CONGRESO | |
| Número de clasificación | MT1 |
| Número de documento/Ítem | .R85 |
| -- | 1677 |
| 100 1# - ENTRADA PRINCIPAL--NOMBRE DE PERSONA | |
| Nombre de persona | Ruiz de Ribayaz, Lucas |
| 9 (RLIN) | 21474 |
| 245 10 - MENCIÓN DE TÍTULO | |
| Título | Lvz, y norte mvsical para caminar por las cifras de la guitarra española, y arpa, tañer, y cantar a compás por canto de organo y breve explicacion del arte, con preceptos faciles, indubitables, y explicados con claras reglas por teorica, y practica |
| Mención de responsabilidad, etc. | Lucas Ruiz de Ribayaz. |
| 260 ## - PUBLICACIÓN, DISTRIBUCIÓN, ETC. | |
| Lugar de publicación, distribución, etc. | Madrid |
| Nombre del editor, distribuidor, etc. | Melchor Alvarez |
| Fecha de publicación, distribución, etc. | 1677 |
| 300 ## - DESCRIPCIÓN FÍSICA | |
| Extensión | 144 p. |
| Dimensiones | 20 cm |
| 500 ## - NOTA GENERAL | |
| Nota general | Fondo antiguo |
| 500 ## - NOTA GENERAL | |
| Nota general | Se encuentra en Caja Fuerte |
| 500 ## - NOTA GENERAL | |
| Nota general | COB-27 |
| 500 ## - NOTA GENERAL | |
| Nota general | Firma en la guarda: M. Julio 2 1820, melo regalo el capita de Dn Caietano Gomes |
| 500 ## - NOTA GENERAL | |
| Nota general | En portada: consagrale a la reyna de los Angeles Mária Santissima de Curiñego, patrona de dicha colegial |
| 500 ## - NOTA GENERAL | |
| Nota general | Con aprobación del reverendissimo padre Fray Luis Zerbela, Licencia del ordinario, aprobación de D. Christoval Galan, suma del privilegio y tassa |
| 500 ## - NOTA GENERAL | |
| Nota general | Incluye prólogo |
| 500 ## - NOTA GENERAL | |
| Nota general | Incluye índice de lo que se contiene en este libro |
| 500 ## - NOTA GENERAL | |
| Nota general | Contiene partituras musicales para aprender a tocar la guitarra, arpa y piano |
| 500 ## - NOTA GENERAL | |
| Nota general | Nota de encuadernación: en piel pergamino, con broches y botones de piel |
| 506 0# - NOTA DE RESTRICCIONES AL ACCESO | |
| Limitaciones de acceso | Fondo reservado: para su consulta es necesario credencial de usuario y carta de motivos |
| 650 14 - PUNTO DE ACCESO ADICIONAL DE MATERIA--TÉRMINO DE MATERIA | |
| Término de materia o nombre geográfico como elemento de entrada | Guitarra |
| Término indicativo de función/relación | instrucción y estudio |
| 9 (RLIN) | 21475 |
| 650 14 - PUNTO DE ACCESO ADICIONAL DE MATERIA--TÉRMINO DE MATERIA | |
| Término de materia o nombre geográfico como elemento de entrada | Arpa |
| Término indicativo de función/relación | instrucción y estudio |
| 9 (RLIN) | 21476 |
| 650 14 - PUNTO DE ACCESO ADICIONAL DE MATERIA--TÉRMINO DE MATERIA | |
| Término de materia o nombre geográfico como elemento de entrada | Órgano |
| Término indicativo de función/relación | instrucción y estudio |
| 9 (RLIN) | 21477 |
| 902 ## - CATALOGADOR | |
| Iniciales | LAR |
| 942 ## - ELEMENTOS DE PUNTO DE ACCESO ADICIONAL (KOHA) | |
| Fuente del sistema de clasificación o colocación | Library of Congress Classification |
| Tipo de ítem Koha | Libros |
| Estado de retiro | Estado de pérdida | Estado dañado | No para préstamo | Localización permanente | Ubicación/localización actual | Fecha de adquisición | Número de inventario | Total de préstamos | Signatura topográfica completa | Código de barras | Fecha visto por última vez | Precio válido a partir de | Tipo de ítem Koha |
|---|---|---|---|---|---|---|---|---|---|---|---|---|---|
| El ejemplar forma parte de la colección y puede ser consultado según las políticas vigentes. | Biblioteca del Museo Franz Mayer (Rogerio Casas-Alatriste) | Biblioteca del Museo Franz Mayer (Rogerio Casas-Alatriste) | 19/08/2016 | COB-27 | MT1 .R85 1677 (COB-27) | LAR00081 | 22/03/2019 | 22/03/2019 | Libros |